Hướng dẫn phân tích hoạt động tài chính và các quy định mới nhất về chế độ kế toán, kiểm toán, chính sách thuế, hóa đơn trong doanh nghiệp

সংরক্ষণ করুন:
গ্রন্থ-পঞ্জীর বিবরন
প্রধান লেখক: Quý Long (Sưu tầm và hệ thống hóa)
অন্যান্য লেখক: Kim Thư (Sưu tầm và hệ thống hóa)
বিন্যাস: গ্রন্থ
প্রকাশিত: Tp HCM Tài chính 2011
বিষয়গুলি:
ট্যাগগুলো: ট্যাগ যুক্ত করুন
কোনো ট্যাগ নেই, প্রথমজন হিসাবে ট্যাগ করুন!
Thư viện lưu trữ: Trung tâm Học liệu Lê Vũ Hùng, Trường Đại học Đồng Tháp
LEADER 01137pam a22002898a 4500
001 00025646
005 20171026081023.0
008 110810s2011 ||||||Viesd
020 |c 298000 
041 0 # |a Vie 
082 1 4 |a 343.597  |b H561D 
100 0 # |a Quý Long  |e Sưu tầm và hệ thống hóa 
245 0 0 |a Hướng dẫn phân tích hoạt động tài chính và các quy định mới nhất về chế độ kế toán, kiểm toán, chính sách thuế, hóa đơn trong doanh nghiệp  |c Quý Long, Kim Thư 
260 # # |a Tp HCM  |b Tài chính  |c 2011 
300 # # |a 505 tr.  |c 28 cm. 
653 # # |a Chính sách thuế 
653 # # |a Các quy định mới nhất 
653 # # |a Kế toán 
653 # # |a Kiểm toán 
653 # # |a Hóa đơn 
653 # # |a Doanh nghiệp 
653 # # |a Hoạt động tài chính 
700 0 # |a Kim Thư  |e Sưu tầm và hệ thống hóa 
852 # # |j KD.0010481 
852 # # |b Kho đọc  |j KD.0010481 
910 |d 10/08/2011 
980 # # |a Trung tâm Học liệu Lê Vũ Hùng, Trường Đại học Đồng Tháp